IFM Opac

Reminders for company secretaries (Record no. 18660)

MARC details
000 -LEADER
fixed length control field 00381nam a22001457a 4500
082 ## - DEWEY DECIMAL CLASSIFICATION NUMBER
Classification number 658.114 5
100 ## - MAIN ENTRY--PERSONAL NAME
Personal name Stockdale T. M.
245 ## - TITLE STATEMENT
Title Reminders for company secretaries
250 ## - EDITION STATEMENT
Edition statement 2ed
260 ## - PUBLICATION, DISTRIBUTION, ETC.
Place of publication, distribution, etc. britain
Name of publisher, distributor, etc. H.T.Woodrow and co.ltd
Date of publication, distribution, etc. 1972
300 ## - PHYSICAL DESCRIPTION
Extent viii,126p.
Other physical details ill,;20cm.
650 ## - SUBJECT ADDED ENTRY--TOPICAL TERM
Topical term or geographic name entry element reminders for company secretaries
700 ## - ADDED ENTRY--PERSONAL NAME
Personal name T. M.stockdale M.A.
942 ## - ADDED ENTRY ELEMENTS (KOHA)
Koha item type Books

No items available.